| LEADER | 00409nam a2200145Ia 4500 | ||
|---|---|---|---|
| 001 | CTU_78906 | ||
| 008 | 210402s9999 xx 000 0 und d | ||
| 082 | |a 338.52 | ||
| 082 | |b O.58 | ||
| 245 | 0 | |a One-hundred year's history of the wholesale price index in Japan | |
| 260 | |a Tokyo | ||
| 260 | |b The Bank of Japan | ||
| 260 | |c 1988 | ||
| 650 | |a Prices | ||
| 980 | |a Trung tâm Học liệu Trường Đại học Cần Thơ | ||